Living with Art

Gardado en:
Detalles Bibliográficos
Autor Principal: GETLEIN, Mark
Formato: Libro
Idioma:inglés
Publicado: McGraw-Hill Education 2020
Tags: Engadir etiqueta
Sen Etiquetas, Sexa o primeiro en etiquetar este rexistro!

MARC

LEADER 00000nam a22000007a 4500
008 211217b ||||| |||| 00| 0 eng d
020 |a 9781260566239 
100 |a GETLEIN, Mark 
245 |a Living with Art  |c Mark Getlein  |g xviii,574p.:ill 
250 |b International ed. 
260 |b McGraw-Hill Education  |c 2020  |h New York  |i 699343  |i 699344  |l N7477.G33  |m Art appreciation 
500 |a It include index, pronunciation guide and references 
942 |a lcc  |c BK  |e Kuteyi M. A.  |f 17/12/2020 
952 |0 0  |1 0  |2 lcc  |4 0  |6 N7477 G33  |7 0  |9 4002  |a HOL  |b EDM  |c LP  |d 2021-12-17  |l 0  |o N7477.G33  |p 2021-67726  |r 2021-12-17 00:00:00  |w 2021-12-17  |y BK 
952 |0 0  |1 0  |2 lcc  |4 0  |6 N7477 G33  |7 0  |9 4003  |a HOL  |b EDM  |c LP  |d 2021-12-17  |l 0  |o N7477.G33  |p 2021-67727  |r 2021-12-17 00:00:00  |w 2021-12-17  |y BK 
999 |c 2008  |d 2008